000 00306nam a2200133 i 4500
001 bg
100 1 _aORTJUZI, Ż
245 1 0 _aTeorija elektronnych cepej.
_nT. 2 /
_cŻ.Ortjuzi.
260 _aMoskva,
_c1971.
040 _cBPK
041 _apol
942 _cKS
008 s pl f |000 0 pol
999 _c14137
_d14137
856 _uhttp://koha.tu.koszalin.pl/cgi-bin/koha/opac-detail.pl?biblionumber=14137
_yKatalog online BPK